000 00348nam a2200145Ia 4500
008 151213s9999 xx 000 0 und d
100 _aE.A.Martin
245 _aOxford dictionary of Law
_cE.A.Martin
260 _aNew York
_bOxford University
_c2005
300 _a2575 p.
650 _aLaw
650 _aLaw
700 _aE.A.Martin
999 _c1725
_d1725